| 000 | 00462nam a2200169Ia 4500 | ||
|---|---|---|---|
| 003 | IN-BaIIA | ||
| 008 | 211028s9999 xx 000 0 eng d | ||
| 040 | _cIIA Library | ||
| 080 |
_a658.31 _bRAM |
||
| 100 |
_aRam, Gulabdas V _97317 |
||
| 245 | 4 |
_aThe Central sales tax act 1972 _cGulabdas V. Ram |
|
| 260 |
_aAllahabad _bCentral Law Agency _c1972 |
||
| 300 | _a12p. | ||
| 650 |
_aCentral Government Rules _97081 |
||
| 650 |
_aOthers Thesaurus _9637 |
||
| 942 | _cBK | ||
| 999 |
_c4155 _d4155 |
||